Sports Quiz

Random Sports Quiz

2017 North Melbourne Players Picture Quiz Stats

 Plays Quiz not verified by Sporcle

Score 0/44 Timer 10:00
0 Plays Today
% Correct
Andrew Swallow
85.2%
Todd Goldstein
85.2%
Jack Ziebell
83.6%
Shaun Higgins
83.6%
Ben Brown
83.6%
Ben Cunnington
82%
Jarrad Waite
81.1%
Majak Daw
81.1%
Marley Williams
80.3%
Mason Wood
79.5%
Robbie Tarrant
79.5%
Lindsay Thomas
79.5%
Scott Thompson
77.9%
Luke McDonald
73.8%
Lachlan Hansen
73.8%
Sam Gibson
73.8%
Braydon Preuss
73%
Jy Simpkin
72.1%
Sam Wright
69.7%
Jamie Macmillan
67.2%
Taylor Garner
67.2%
Kayne Turner
66.4%
% Correct
Jed Anderson
65.6%
Shaun Atley
64.8%
Nathan Hrovat
63.9%
Ben Jacobs
62.3%
Ryan Clarke
62.3%
Trent Dumont
59%
Aaron Mullett
58.2%
Nick Larkey
57.4%
Cameron Zurhaar
56.6%
Ed Vickers-Willis
54.9%
Corey Wagner
53.3%
Paul Ahern
53.3%
Sam Durdin
50.8%
Ben McKay
50%
Declan Mountford
43.4%
Daniel Nielson
38.5%
Mitchell Hibberd
37.7%
Josh Williams
29.5%
Declan Watson
26.2%
Oscar Junker
26.2%
Will Fordham
18.9%
Matthew Taylor
13.1%

You're not logged in!

Compare scores with friends on all Sporcle quizzes.
OR
Log In

Sporcle TV

Today on Sporcle TV


Watch our educational content, quiz creation guides, and fun videos on Sporcle TV.

Show Comments

Extras

Top Quizzes Today


Score Distribution

Your Account Isn't Verified!

In order to create a playlist on Sporcle, you need to verify the email address you used during registration. Go to your Sporcle Settings to finish the process.

Report this User

Report this user for behavior that violates our Community Guidelines.

Details: